000
00388nam a22001217a 4500
003
SGT
082
_a
080
_b
M92S
100
_a
श्रीअरविन्द
245
_a
मानव एकता का आदर्श : युद्ध और आत्म निर्णय
260
_b
श्रीअरविन्द आश्रम
_c
1992
300
_a
432
942
_2
ddc
_c
BK
999
_c
31543
_d
31543